| 000 | 00000nas##2200000za#4500 |
| 001 | 9.505165 |
| 003 | CaOODSP |
| 005 | 20200325084356 |
| 007 | cr ||||||||||| |
| 008 | 150406c2007||||xxc|| p o||||f| |0eng|d |
| 040 | |aCaOODSP|beng |
| 043 | |an-cn--- |
| 086 | 1 |aR12-22E-PDF |
| 110 | 1 |aCanada.|bIndian and Northern Affairs Canada. |bNWT Region. |
| 245 | 10|aWhat's happening at Port Radium? |h[electronic resource] |
| 260 | |aOttawa - Ontario : |bIndian and Northern Affairs. |
| 310 | |aIrregular |
| 690 | 07|aMining industry|2gcpds |
| 690 | 07|aSite management|2gcpds |
| 775 | 08|tQue se passe-t-il à Port Radium? |w(CaOODSP)9.501565 |